[Event "Kalamazoo Mini-Swiss.2"]
[Site "Kalamazoo, MI"]
[Date "1998.??.??"]
[Round "?"]
[White "Neely, Richard"]
[Black "Johnson, Donta"]
[Result "0-1"]
[WhiteElo "1605"]
[BlackElo "1605"]
[PlyCount "94"]
[EventDate "1998.??.??"]

1. d4 Nf6 2. c4 g6 3. Nc3 Bg7 4. Nf3 d6 5. Bf4 O-O 6. Qd2 Re8 7. Bh6 Bh8 8. e4
Bg4 9. Be2 c5 10. d5 Na6 11. h3 Bd7 12. O-O Nc7 13. Rad1 Rb8 14. b3 b5 15. cxb5
Nxb5 16. Nxb5 Bxb5 17. Bxb5 Rxb5 18. Rfe1 a5 19. e5 Nd7 20. e6 Ne5 21. Ng5 f6
22. Nf7 Nxf7 23. exf7+ Kxf7 24. Qe2 Qd7 25. h4 e5 26. h5 Rb4 27. hxg6+ hxg6 28.
Rd3 Rh4 29. Rh3 Rxh3 30. gxh3 Qxh3 31. Bd2 Bg7 32. Qe4 Rh8 33. Qg2 Qxg2+ 34.
Kxg2 Ra8 35. Rh1 a4 36. Rh7 axb3 37. axb3 Kg8 38. Rh4 Ra2 39. Bh6 Rb2 40. Bxg7
Kxg7 41. Rh3 Rd2 42. b4 cxb4 43. Rb3 Rxd5 44. Rxb4 Kf7 45. f4 exf4 46. Rxf4
Rg5+ 47. Kh3 Ke6 0-1

[Event "Michigan Amateur"]
[Site "Kalamazoo "]
[Date "1998.??.??"]
[Round "?"]
[White "Neely, Richard"]
[Black "Clay, C."]
[Result "0-1"]
[WhiteElo "1605"]
[BlackElo "1605"]
[PlyCount "66"]
[EventDate "1998.07.??"]

{7/19} 1. d4 Nf6 2. c4 c5 3. d5 b5 4. cxb5 a6 5. Nc3 Bb7 6. e4 d6 7. Nf3 g6 8.
Be2 Bg7 9. O-O O-O 10. Be3 axb5 11. Bxb5 Ba6 12. Bxa6 Rxa6 13. Qd2 Ng4 14. h3
Nxe3 15. Qxe3 Nd7 16. Nh2 e6 17. f4 Bd4 18. Rae1 exd5 19. Nxd5 Bxe3+ 20. Rxe3
Rxa2 21. Ng4 Kg7 22. Rf2 Ra1+ 23. Kh2 Re8 24. f5 h5 25. f6+ Kh7 26. Rg3 hxg4
27. Rxg4 Ra5 28. Rh4+ Kg8 29. Ne7+ Rxe7 30. fxe7 Qxe7 31. Rhf4 g5 32. Rg4 Ne5
33. Rxg5+ Qxg5 0-1

[Event "Kalamazoo Mini-Swiss.2"]
[Site "Kalamazoo, MI"]
[Date "1998.??.??"]
[Round "?"]
[White "Neely, Richard"]
[Black "Amante, T."]
[Result "0-1"]
[WhiteElo "1605"]
[BlackElo "1605"]
[PlyCount "76"]
[EventDate "1998.??.??"]

1. d4 Nf6 2. Nf3 b6 3. Bg5 e6 4. e4 Be7 5. e5 Ne4 6. Bxe7 Qxe7 7. Bd3 Bb7 8.
Qe2 Qb4+ 9. Nbd2 Nxd2 10. Nxd2 Qxb2 11. Rb1 Qxd4 12. O-O O-O 13. Nf3 Bxf3 14.
Qxf3 Nc6 15. Rfe1 Nxe5 16. Qe2 Nxd3 17. cxd3 c5 18. Qc2 d5 19. Re2 Rac8 20.
Rbe1 c4 21. Qa4 Rc7 22. dxc4 Qxc4 23. Qd1 Rfc8 24. h3 b5 25. a3 a5 26. Re3 b4
27. Rg3 Qc1 28. Qe2 Qxe1+ 29. Qxe1 Rc1 30. Kf1 Rxe1+ 31. Kxe1 Rc3 32. Rxc3 bxc3
33. f4 f6 34. Ke2 d4 35. Kd3 Kf7 36. a4 g5 37. g3 gxf4 38. gxf4 e5 0-1

[Event "U.S. Amateur North"]
[Site "Detroit, MI"]
[Date "1998.??.??"]
[Round "?"]
[White "Needham, P."]
[Black "Yeager, John"]
[Result "1-0"]
[WhiteElo "1605"]
[BlackElo "1605"]
[PlyCount "83"]
[EventDate "1998.05.??"]

{5/23} 1. e4 e5 2. Nf3 Nc6 3. Bc4 d6 4. d3 Nd4 5. Nbd2 Bg4 6. c3 Nxf3+ 7. Nxf3
Bxf3 8. Qxf3 Qf6 9. Qd1 Qe7 10. O-O f6 11. Qb3 O-O-O 12. Bxg8 g5 13. Be6+ Kb8
14. Bf5 c6 15. Be3 Qc7 16. a4 c5 17. Qc4 Qa5 18. Rfb1 Rg8 19. Qxg8 Be7 20. Qd5
h5 21. b4 Qb6 22. bxc5 dxc5 23. Qc4 Qd6 24. Qb5 b6 25. Rd1 Kb7 26. a5 a6 27.
Qxb6+ Qxb6 28. axb6 Kxb6 29. Be6 Rd6 30. Bc4 a5 31. Rdb1+ Kc7 32. Rxa5 Kd7 33.
Bxc5 Rc6 34. Rb7+ Rc7 35. Rxc7+ Kxc7 36. Bxe7 h4 37. Bxf6 h3 38. Bxe5+ Kb6 39.
Rb5+ Ka6 40. Bd4 hxg2 41. Rb6+ Ka5 42. Ra6# 1-0

[Event "U.S. Amateur North"]
[Site "Detroit, MI"]
[Date "1998.??.??"]
[Round "?"]
[White "Needham, P."]
[Black "Wisckol, Richard"]
[Result "0-1"]
[WhiteElo "1605"]
[BlackElo "1905"]
[PlyCount "84"]
[EventDate "1998.05.??"]

{5/23} 1. e4 c5 2. Nc3 Nc6 3. g3 g6 4. Bg2 Bg7 5. d3 e6 6. Be3 b6 7. Qd2 Nge7
8. Nf3 O-O 9. Bh6 d5 10. Bxg7 Kxg7 11. O-O Ba6 12. Rfe1 d4 13. Ne2 e5 14. Nh4
Qd7 15. f4 f6 16. Rf1 Rae8 17. Nf3 c4 18. fxe5 fxe5 19. Ng5 Nd8 20. Bh3 Qd6 21.
Rae1 cxd3 22. cxd3 Nec6 23. Nc1 Rxf1+ 24. Rxf1 Rf8 25. Qe2 h6 26. Nf3 Ne6 27.
Nh4 Rxf1+ 28. Qxf1 Nc5 29. Qf3 Qf6 30. Qg4 h5 31. Qe2 Nb4 32. a3 Nbxd3 33. Nxd3
Bxd3 34. Qe1 Nxe4 35. Bg2 Nd6 36. Qc1 Qe7 37. Qc6 e4 38. Qd5 Qf6 39. b3 e3 40.
Nf3 e2 41. Ne1 Be4 42. Qxe4 Nxe4 0-1

[Event "U.S. Amateur North"]
[Site "Detroit, MI"]
[Date "1998.??.??"]
[Round "?"]
[White "Needham, P."]
[Black "Libby, Dan"]
[Result "0-1"]
[WhiteElo "1605"]
[BlackElo "1750"]
[PlyCount "58"]
[EventDate "1998.05.??"]

{5/24} 1. e4 c5 2. Nc3 g6 3. g3 Bg7 4. Bg2 Nc6 5. d3 d6 6. Be3 e5 7. Qd2 Be6 8.
Nge2 Qd7 9. h3 a6 10. Nd5 Bxd5 11. exd5 Nd4 12. c3 Nf5 13. O-O Nge7 14. f4 Nxe3
15. Qxe3 O-O 16. g4 f5 17. g5 b5 18. Rae1 Rae8 19. h4 Kh8 20. Qh3 a5 21. Kf2
Qa7 22. Rh1 c4+ 23. Kf1 cxd3 24. Qxd3 e4 25. Qh3 Nxd5 26. Nc1 Nxf4 27. Qg3 Be5
28. h5 Nxh5 29. Qh4 Bg3 0-1

[Event "Michigan Senior"]
[Site "Ann Arbor, MI"]
[Date "1998.??.??"]
[Round "?"]
[White "Moyle, Jim"]
[Black "Steen, Harold"]
[Result "1/2-1/2"]
[WhiteElo "1605"]
[BlackElo "1685"]
[PlyCount "85"]
[EventDate "1998.06.??"]

{6/13} 1. e4 d6 2. d4 Nf6 3. Nc3 g6 4. Nf3 Bg7 5. Bc4 O-O 6. h3 Nxe4 7. Nxe4 d5
8. Bxd5 Qxd5 9. Qd3 Nc6 10. c3 Bf5 11. Nfd2 e5 12. c4 Qxd4 13. Qe2 Bh6 14. f3
Nb4 15. Nb3 Nd3+ 16. Kf1 Qxc4 17. Bxh6 Rfd8 18. Bg5 Rd4 19. Nxd4 exd4 20. Rd1
Nxb2 21. Qxc4 Nxc4 22. Rxd4 Bxe4 23. Rxe4 Nd6 24. Re7 Nf5 25. Kf2 Nxe7 26. Bxe7
c6 27. Rd1 b6 28. Rd8+ Rxd8 29. Bxd8 Kf8 30. Ke3 Ke8 31. Bc7 Kd7 32. Bb8 a6 33.
Kd3 c5 34. Kc4 Kc6 35. a4 b5+ 36. axb5+ axb5+ 37. Kc3 Kd5 38. Bf4 f6 39. g4 b4+
40. Kb3 Kd4 41. Bc1 Kd3 42. h4 f5 43. g5 1/2-1/2

[Event "Michigan Senior"]
[Site "Ann Arbor, MI"]
[Date "1998.??.??"]
[Round "?"]
[White "Moyle, Jim"]
[Black "Mandell, Ed"]
[Result "1-0"]
[WhiteElo "1605"]
[BlackElo "1605"]
[PlyCount "68"]
[EventDate "1998.06.??"]

{6/14} 1. e4 e5 2. Nf3 Nf6 3. Nc3 Nc6 4. Bb5 a6 5. Bxc6 bxc6 6. Nxe5 Bb7 7. Qf3
Bb4 8. Na4 Qe7 9. Qb3 c5 10. c3 Qxe5 11. cxb4 Qxe4+ 12. Kd1 O-O 13. Nxc5 Qxg2
14. Re1 Bf3+ 15. Kc2 d6 16. Nd3 Be4 17. Re3 Qxf2 18. Qc4 h6 19. Qxe4 Nxe4 20.
Nxf2 Nxf2 21. d4 Ng4 22. Rg3 Nxh2 23. Bxh6 Rfe8 24. Rxg7+ Kh8 25. Rxf7 Re2+ 26.
Kd1 Rxb2 27. Bd2 a5 28. Kc1 Rxb4 29. Bxb4 axb4 30. Rxc7 Rf8 31. Kb2 Rf4 32. Re1
Kg8 33. Re8+ Rf8 34. Rxf8+ Kxf8 {[Remainder illegible]} 1-0

[Event "Michigan Amateur"]
[Site "Kalamazoo "]
[Date "1998.??.??"]
[Round "?"]
[White "Moulter, Art"]
[Black "McCrandell, James"]
[Result "0-1"]
[WhiteElo "1605"]
[BlackElo "1605"]
[PlyCount "116"]
[EventDate "1998.07.??"]

{7/18} 1. d4 d5 2. Nf3 e6 3. c3 Nc6 4. Bf4 Bd6 5. Bxd6 Qxd6 6. e3 e5 7. dxe5
Nxe5 8. Nbd2 Bg4 9. h3 Bh5 10. Be2 Nf6 11. Qb3 b6 12. O-O O-O 13. Rac1 Rfe8 14.
Rfe1 Bg6 15. Nxe5 Rxe5 16. Nf3 Ree8 17. Red1 Be4 18. Nd4 Re5 19. Qb5 Rg5 20.
Nf3 Bxf3 21. Bxf3 Qe6 22. Kh2 c6 23. Qe2 b5 24. b4 a5 25. Rd4 axb4 26. cxb4 Ra4
27. Rc2 Nd7 28. Rg4 Rxg4 29. Bxg4 Qd6+ 30. g3 Rxb4 31. Qd2 Ne5 32. f4 Nxg4+ 33.
hxg4 c5 34. Qc3 Rc4 35. Qb3 Rxc2+ 36. Qxc2 c4 37. a3 Qxa3 38. Qf5 Qa8 39. Qd7
g6 40. Qxb5 Qc8 41. Qxd5 c3 42. Qd1 c2 43. Qc1 Qc4 44. Kh3 Qe2 45. g5 Qd1 46.
Qb2 c1=Q 47. Qb8+ Kg7 48. Qe5+ Kf8 49. Qh8+ Ke7 50. Qf6+ Kd7 51. Qxf7+ Kc8 52.
Qg8+ Qd8 53. Qe6+ Qd7 54. Qxd7+ Kxd7 55. Kg2 Qxe3 56. Kh3 Qe2 57. Kh4 Qh2+ 58.
Kg4 Qh5# 0-1

[Event "Michigan Amateur"]
[Site "Kalamazoo "]
[Date "1998.??.??"]
[Round "?"]
[White "Moulter, Art"]
[Black "Evans Sr., Thomas"]
[Result "0-1"]
[WhiteElo "1605"]
[BlackElo "1910"]
[PlyCount "54"]
[EventDate "1998.07.??"]

{7/18} 1. d4 d5 2. Nf3 Nc6 3. Bf4 Nf6 4. c3 Bg4 5. Nbd2 e6 6. e3 Bd6 7. Bg5 h6
8. Bh4 g5 9. Bg3 Ne4 10. h3 Nxg3 11. fxg3 Bxg3+ 12. Ke2 Bh5 13. Qa4 f6 14. Kd1
Qd6 15. Bb5 a6 16. Bxc6+ Qxc6 17. Qxc6+ bxc6 18. Nb3 Rb8 19. Kc2 Bg6+ 20. Kd2
a5 21. Ke2 a4 22. Nc5 Rxb2+ 23. Nd2 Bh5+ 24. Kd3 e5 25. dxe5 fxe5 26. e4 Bf4
27. Nf1 Be2# 0-1

[Event "U.S. Amateur North"]
[Site "Detroit, MI"]
[Date "1998.??.??"]
[Round "?"]
[White "Moton, Michael"]
[Black "Schey, Danny"]
[Result "1-0"]
[WhiteElo "1605"]
[BlackElo "1735"]
[PlyCount "107"]
[EventDate "1998.05.??"]

{5/23} 1. e4 d5 2. exd5 Nf6 3. Nc3 Nxd5 4. Nxd5 Qxd5 5. Nf3 Bg4 6. Be2 e6 7. d3
Bd6 8. O-O Nc6 9. Bd2 O-O-O 10. c4 Qh5 11. g3 Ne5 12. Kg2 Qh3+ 13. Kg1 Bxf3 14.
Bxf3 h5 15. Bg2 Qf5 16. Be4 Qf6 17. h4 Bc5 18. Bg5 Qxg5 19. hxg5 h4 20. Qb3 c6
21. Qc3 Bd4 22. Qd2 hxg3 23. Kg2 Rh2+ 24. Kxg3 Rdh8 25. Bg2 R2h4 26. f3 Ng6 27.
Rh1 Be5+ 28. f4 Bxf4+ 29. Qxf4 Nxf4 30. Rxh4 Rxh4 31. Kxh4 Nxg2+ 32. Kg3 Ne3
33. Rh1 Nf5+ 34. Kf4 Kd7 35. Rg1 Nd4 36. Ke4 e5 37. g6 f5+ 38. Ke3 Ke6 39. b4
Nc2+ 40. Kd2 Nxb4 41. Rb1 c5 42. a3 Nc6 43. Rxb7 Kf6 44. Rd7 Nd4 45. Rxa7 Kxg6
46. a4 f4 47. a5 Nb3+ 48. Ke1 Kf5 49. a6 g5 50. Rc7 Nc1 51. a7 Nxd3+ 52. Kd2 f3
53. Kxd3 e4+ 54. Ke3 1-0

[Event "U.S. Amateur North"]
[Site "Detroit, MI"]
[Date "1998.??.??"]
[Round "?"]
[White "Moton, Michael"]
[Black "Nelson, K."]
[Result "1-0"]
[WhiteElo "1605"]
[BlackElo "1605"]
[PlyCount "115"]
[EventDate "1998.05.??"]

{5/24} 1. e4 e5 2. Nf3 Nc6 3. Nc3 Nf6 4. Bc4 d6 5. Ng5 Be6 6. Bxe6 fxe6 7. Nxe6
Qe7 8. Ng5 h6 9. Nf3 O-O-O 10. d3 Nd4 11. Nxd4 exd4 12. Ne2 d5 13. exd5 Nxd5
14. O-O Qd6 15. Nxd4 Qe5 16. Nf3 Qh5 17. Nd2 Qe5 18. Re1 Qd4 19. Nf3 Qf6 20.
Qe2 Bd6 21. Qe6+ Qxe6 22. Rxe6 Rhe8 23. Rxe8 Rxe8 24. g3 Re2 25. Bd2 Bc5 26.
Rf1 Bd4 27. Bxh6 gxh6 28. Nxd4 Rd2 29. Kg2 b6 30. Kf3 a5 31. Ke4 Nf6+ 32. Ke3
c5 33. Kxd2 cxd4 34. Re1 Nd5 35. Re4 Nb4 36. Rxd4 Nxa2 37. Rh4 Kc7 38. Rxh6 b5
39. Ra6 a4 40. b3 axb3 41. cxb3 Nb4 42. h4 Nd5 43. Rg6 Nb6 44. h5 Nd7 45. h6
Ne5 46. Rg7+ Kd8 47. h7 Nd7 48. h8=R+ Kc7 49. Rxd7+ Kxd7 50. Rb8 Kc6 51. g4 Kc5
52. g5 Kb4 53. Kc2 Ka3 54. Rxb5 Ka2 55. g6 Ka1 56. g7 Ka2 57. g8=R Ka3 58. Ra8#
1-0

[Event "U.S. Amateur North"]
[Site "Detroit, MI"]
[Date "1998.??.??"]
[Round "?"]
[White "Moton, Michael"]
[Black "Hubbard, D."]
[Result "0-1"]
[WhiteElo "1605"]
[BlackElo "1605"]
[PlyCount "94"]
[EventDate "1998.05.??"]

{5/23} 1. e4 e6 2. Nf3 d5 3. e5 c5 4. Bb5+ Nc6 5. Bxc6+ bxc6 6. d4 cxd4 7. Qxd4
c5 8. Qd1 Ne7 9. Bg5 Qc7 10. Bxe7 Bxe7 11. O-O O-O 12. Nbd2 Rb8 13. b3 f6 14.
exf6 Bxf6 15. Rc1 e5 16. c4 d4 17. Ne4 Be7 18. Qd3 Bf5 19. a3 Bxe4 20. Qxe4
Rxb3 21. Qxe5 Qxe5 22. Nxe5 Rxa3 23. Ra1 Rxa1 24. Rxa1 Bd6 25. Nc6 Ra8 26. Rxa7
Rxa7 27. Nxa7 Kf7 28. g3 Kf6 29. Kf1 Ke5 30. Ke2 Ke4 31. f3+ Kf5 32. Kd3 h5 33.
Nb5 Be5 34. f4 Bb8 35. h3 g5 36. fxg5 Bxg3 37. g6 Kxg6 38. Nxd4 cxd4 39. Kxd4
Kg5 40. Ke4 Kh4 41. Kf3 Kxh3 42. c5 Kh2 43. c6 h4 44. c7 Bxc7 45. Kf2 h3 46.
Kf1 Bb6 47. Ke2 Kg2 0-1

[Event "Michigan Open"]
[Site "Flint, MI"]
[Date "1998.??.??"]
[Round "?"]
[White "Morris, Jewell"]
[Black "Solon, Nathan"]
[Result "1-0"]
[WhiteElo "1810"]
[BlackElo "1915"]
[PlyCount "75"]
[EventDate "1998.09.??"]

{9/7} 1. Nf3 d5 2. d4 f5 3. c4 e6 4. Nc3 Nf6 5. Bg5 c6 6. e3 Bd6 7. Ne5 O-O 8.
Bd3 Nbd7 9. Nxd7 Bxd7 10. c5 Bc7 11. Qc2 Qe8 12. Bxf6 Rxf6 13. f4 b5 14. O-O-O
Rg6 15. h4 h5 16. Rdg1 a5 17. Nb1 Bc8 18. Nd2 b4 19. Nf3 Rg4 20. Qf2 Ba6 21.
Bxa6 Rxa6 22. Nh2 Rg6 23. Qe2 Qc8 24. Qxh5 Rh6 25. Qe2 Rxh4 26. Nf3 Rg4 27. Ng5
Ra7 28. Rh7 Qd7 29. Rgh1 Kf8 30. Rxg7 Qxg7 31. Nxe6+ Kf7 32. Nxg7 Kxg7 33. Qf3
Bd8 34. Qh3 Rh4 35. Qg3+ Rg4 36. Qf2 Re7 37. g3 Re6 38. Qh2 1-0

[Event "Michigan Open"]
[Site "Flint, MI"]
[Date "1998.??.??"]
[Round "?"]
[White "Morris, Jewell"]
[Black "Sobocinski, Mike"]
[Result "1/2-1/2"]
[WhiteElo "1810"]
[BlackElo "2005"]
[PlyCount "56"]
[EventDate "1998.09.??"]

{9/6} 1. e4 c6 2. d4 d5 3. Nc3 dxe4 4. Nxe4 Bf5 5. Ng3 Bg6 6. Nf3 Nd7 7. h4 h6
8. h5 Bh7 9. Bc4 e6 10. O-O Bd6 11. Qe2 Bxg3 12. fxg3 Ngf6 13. c3 Nxh5 14. Ng5
hxg5 15. Qxh5 Nf6 16. Qxg5 Rg8 17. Qh4 Qe7 18. Rxf6 Qxf6 19. Qxh7 O-O-O 20. Qh4
g5 21. Qe4 Qh6 22. Be3 Rg6 23. g4 Rh8 24. Rf1 Qh1+ 25. Kf2 Rf6+ 26. Ke1 Rxf1+
27. Bxf1 Qh4+ 28. Bf2 Qh7 1/2-1/2

[Event "Michigan Open"]
[Site "Flint, MI"]
[Date "1998.??.??"]
[Round "?"]
[White "Morris, Jewell"]
[Black "Aldrich, Jeff"]
[Result "1/2-1/2"]
[WhiteElo "1810"]
[BlackElo "2010"]
[PlyCount "52"]
[EventDate "1998.09.??"]

{9/5} 1. e4 c6 2. d4 d5 3. Nc3 dxe4 4. Nxe4 Nd7 5. Bc4 e6 6. Bf4 Ngf6 7. Nxf6+
Nxf6 8. Nf3 Nd5 9. Bg3 Be7 10. O-O h6 11. c3 O-O 12. Bd3 c5 13. Qe2 Bd7 14.
Rad1 Rc8 15. Bb1 b5 16. Ne5 Be8 17. dxc5 Qa5 18. b4 Qa3 19. Ng6 fxg6 20. Rxd5
exd5 21. Qxe7 Bf7 22. Be5 Qa6 23. Bd4 Rfe8 24. Qd7 Rcd8 25. Qc7 Rc8 26. Qd7
Rcd8 1/2-1/2

[Event "Michigan Amateur"]
[Site "Kalamazoo "]
[Date "1998.??.??"]
[Round "?"]
[White "Morris, D."]
[Black "Pecot, Dave"]
[Result "0-1"]
[WhiteElo "1605"]
[BlackElo "1605"]
[PlyCount "69"]
[EventDate "1998.07.??"]

{7/18} 1. e4 e5 2. Nf3 Nc6 3. Bb5 Bc5 4. O-O d6 5. d3 Bg4 6. Nc3 Nf6 7. Bg5 h6
8. Bxf6 Qxf6 9. Nd5 Qd8 10. c3 O-O 11. d4 exd4 12. cxd4 Nxd4 13. Qd3 Nxf3+ 14.
gxf3 Bh3 15. f4 Bxf1 16. Kxf1 Qh4 17. Qe2 c6 18. Nc7 Rac8 19. Bxc6 Rxc7 20. Bd5
Qxf4 21. f3 Qe3 22. Qxe3 Bxe3 23. Re1 Bf4 24. Re2 Rfc8 25. h3 Rc1+ 26. Re1 b6
27. b3 R8c3 28. Kf2 Bg3+ 29. Kxg3 Rxe1 30. a3 Ree3 31. e5 dxe5 32. Be4 Rxe4 33.
h4 h5 34. b4 Rf4 35. Kf2 0-1

[Event "Michigan Amateur"]
[Site "Kalamazoo "]
[Date "1998.??.??"]
[Round "?"]
[White "Morris, D."]
[Black "Jackson, Don"]
[Result "0-1"]
[WhiteElo "1605"]
[BlackElo "1605"]
[PlyCount "66"]
[EventDate "1998.07.??"]

{7/18} 1. e4 e5 2. Nf3 d6 3. Nc3 Be6 4. Be2 c5 5. d3 h6 6. Be3 Nc6 7. O-O Nd4
8. Qd2 Nf6 9. Rfe1 Be7 10. Bxd4 cxd4 11. Nb5 a6 12. Na3 Nh7 13. Nc4 b6 14. c3
b5 15. Na3 Qa5 16. cxd4 Qxd2 17. Nxd2 exd4 18. Nc2 Bf6 19. Nf3 Ng5 20. Ncxd4
Nxf3+ 21. Nxf3 g5 22. Reb1 g4 23. Nd2 h5 24. Bd1 h4 25. Bb3 Bd7 26. Bd5 Rc8 27.
Bb7 Rc2 28. Nb3 g3 29. fxg3 hxg3 30. hxg3 Be5 31. Bxa6 Bxg3 32. Nd4 Bf2+ 33.
Kf1 Rh1# 0-1

[Event "Michigan Amateur"]
[Site "Kalamazoo "]
[Date "1998.??.??"]
[Round "?"]
[White "Morris, D."]
[Black "Babcock, John"]
[Result "0-1"]
[WhiteElo "1605"]
[BlackElo "1605"]
[PlyCount "119"]
[EventDate "1998.07.??"]

{7/19} 1. e4 e5 2. Nf3 Nc6 3. Bb5 Bc5 4. Nc3 Nf6 5. O-O O-O 6. Bxc6 bxc6 7.
Nxe5 Qe8 8. d4 Bb4 9. Qe2 d6 10. Nf3 Bxc3 11. bxc3 Nxe4 12. Qd3 d5 13. c4 Qd7
14. Ne5 Qf5 15. cxd5 cxd5 16. Qb5 Qe6 17. Ba3 Ba6 18. Qa5 Bxf1 19. Bxf8 Kxf8
20. Rxf1 f6 21. Nf3 Qc6 22. Rc1 a6 23. c3 Rb8 24. Qa3+ Qd6 25. Qxd6+ Nxd6 26.
h3 Nc4 27. Nh4 g6 28. g3 Na3 29. Rf1 Rb2 30. Ng2 Rxa2 31. Ne3 c6 32. Rc1 Rd2
33. Kg2 Nb5 34. c4 Nxd4 35. cxd5 cxd5 36. Nxd5 Nb3 37. Rb1 Rxd5 38. Rxb3 Rd6
39. Ra3 Ke7 40. Ra5 Kd7 41. Rc5 Rc6 42. Rd5+ Kc7 43. Kf3 Rd6 44. Rc5+ Kb6 45.
Rc3 a5 46. Rb3+ Ka7 47. Ra3 Ra6 48. Ke3 Kb6 49. Kd3 a4 50. Kc4 Kc6 51. Kb4 Kd5
52. Rxa4 Rxa4+ 53. Kxa4 Ke4 54. Kb4 Kf3 55. Kc5 Kxf2 56. Kd6 Kxg3 57. Ke6 f5
58. Ke5 f4 59. Ke4 f3 60. Ke3 0-1

[Event "Michigan Open Reserve"]
[Site "Flint, MI"]
[Date "1998.??.??"]
[Round "?"]
[White "Moore, Robert"]
[Black "Yufa, Leonid"]
[Result "0-1"]
[WhiteElo "1610"]
[BlackElo "1675"]
[PlyCount "80"]
[EventDate "1998.09.??"]

1. e4 c5 2. Nf3 d6 3. d4 cxd4 4. Nxd4 a6 5. Nc3 Nf6 6. Bg5 e6 7. f4 Be7 8. Qf3
Nbd7 9. O-O-O O-O 10. Bd3 Qc7 11. g4 b5 12. a3 Bb7 13. Bxf6 Bxf6 14. Qe3 Rac8
15. Rhe1 h6 16. g5 hxg5 17. fxg5 Bxd4 18. Qxd4 Ne5 19. Be2 d5 20. exd5 Bxd5 21.
Rd2 Rfd8 22. Bd1 Nc4 23. Rf2 Ba8 24. Qf4 e5 25. Qg3 Qc5 26. g6 fxg6 27. Qxg6
Qxf2 28. Rg1 Qf7 29. Qxa6 Qf4+ 30. Kb1 Bc6 31. Qa7 Qf7 32. Qc5 Nd2+ 33. Ka1 Ne4
34. Nxe4 Bxe4 35. Qxe5 Bxc2 36. Bg4 Rd5 37. Qe2 Bf5 38. Bf3 Rdc5 39. Qd2 Rc2
40. Qe3 Rxb2 0-1

[Event "Kalamazoo Mini-Swiss.1"]
[Site "Kalamazoo, MI"]
[Date "1998.??.??"]
[Round "?"]
[White "Moore, Robert"]
[Black "Semerciyan, Mike"]
[Result "1/2-1/2"]
[WhiteElo "1610"]
[BlackElo "1865"]
[PlyCount "80"]
[EventDate "1998.??.??"]

1. e4 c5 2. Nf3 Nc6 3. d4 cxd4 4. Nxd4 a6 5. Nc3 Qc7 6. Be2 e6 7. Bg5 f6 8. Bh4
Nxd4 9. Qxd4 Bc5 10. Qd3 b5 11. a3 Bb7 12. Bg3 e5 13. Bh5+ g6 14. Bg4 h5 15.
Bh3 h4 16. O-O-O Bc6 17. Nd5 Qb7 18. Nxf6+ Nxf6 19. Bxe5 O-O 20. Qb3+ Kh7 21.
f3 Nh5 22. Qc3 Be7 23. Qe3 Rac8 24. Kb1 Rf7 25. Bc3 Nf4 26. Bd2 Bf8 27. Qf2 Be7
28. Bg4 Ne6 29. Qe1 Qc7 30. Bc3 Nf4 31. Qd2 Bg5 32. g3 Ne6 33. f4 Nxf4 34. gxf4
Bxf4 35. Qd4 Be5 36. Qe3 Bxc3 37. bxc3 Bxe4 38. Qg5 Qe5 39. Qxh4+ Kg7 40. Qg3
Qxg3 1/2-1/2

[Event "Kalamazoo Mini-Swiss.1"]
[Site "Kalamazoo, MI"]
[Date "1998.??.??"]
[Round "?"]
[White "Moore, Robert"]
[Black "Schulte, Michael"]
[Result "1-0"]
[WhiteElo "1655"]
[BlackElo "1625"]
[PlyCount "27"]
[EventDate "1998.??.??"]

1. e4 e5 2. Nf3 d6 3. d4 Nf6 4. dxe5 Nxe4 5. exd6 Bxd6 6. Bd3 Qe7 7. O-O O-O 8.
Re1 Rd8 9. Nbd2 Nxd2 10. Rxe7 Nxf3+ 11. Qxf3 Bxe7 12. Qe4 Bf6 13. Bf4 Na6 14.
Bxa6 1-0

[Event "Michigan Open Reserve"]
[Site "Flint, MI"]
[Date "1998.??.??"]
[Round "?"]
[White "Moore, Robert"]
[Black "Saylor, Oliver"]
[Result "1-0"]
[WhiteElo "1610"]
[BlackElo "1605"]
[PlyCount "109"]
[EventDate "1998.09.??"]

1. e4 e5 2. Nf3 Nc6 3. Bb5 a6 4. Ba4 Nf6 5. O-O d6 6. Re1 Bd7 7. d4 b5 8. d5
Bg4 9. dxc6 bxa4 10. c4 Be7 11. Qxa4 Bxf3 12. gxf3 O-O 13. Nc3 Nh5 14. Nd5 Bg5
15. Kf1 Bxc1 16. Raxc1 Qg5 17. Ke2 Nf4+ 18. Nxf4 Qxf4 19. Qc2 f5 20. exf5 Rxf5
21. Qe4 Raf8 22. Qxf4 Rxf4 23. Rc3 e4 24. Kf1 exf3 25. Ree3 g5 26. h3 Kg7 27.
Kg1 R8f5 28. b4 Kf7 29. Kh2 g4 30. hxg4 Rxg4 31. Rxf3 Ke6 32. Rxf5 Kxf5 33. a4
Ke5 34. Kh3 h5 35. Re3+ Kd4 36. f3 Kxe3 37. fxg4 hxg4+ 38. Kxg4 Kd4 39. b5 Kc5
40. Kf4 axb5 41. cxb5 d5 42. Ke3 d4+ 43. Kd3 Kd5 44. a5 Kc5 45. a6 Kb6 46. Kxd4
Kxb5 47. a7 Kxc6 48. a8=Q+ Kb6 49. Qd5 c6 50. Qc5+ Kc7 51. Ke5 Kb7 52. Kd6 Kb8
53. Qb6+ Ka8 54. Qb1 c5 55. Kc7 1-0

[Event "Michigan Class B"]
[Site "Grand Rapids, MI"]
[Date "1998.??.??"]
[Round "?"]
[White "Moore, Robert"]
[Black "Rotberg, Victor"]
[Result "0-1"]
[WhiteElo "1655"]
[BlackElo "1710"]
[PlyCount "84"]
[EventDate "1998.01.??"]

1. e4 e6 2. d4 d5 3. e5 c5 4. c3 Nc6 5. Nf3 Nge7 6. Be2 Nf5 7. O-O Be7 8. Bb5
O-O 9. Bd3 cxd4 10. Bxf5 exf5 11. cxd4 g5 12. Nc3 g4 13. Ne1 Kh8 14. g3 Be6 15.
Ng2 Bg5 16. Bxg5 Qxg5 17. Nf4 a6 18. Na4 h5 19. h4 gxh3 20. Nxh3 Qg4 21. Qxg4
hxg4 22. Nf4 Nxd4 23. Nc5 Kg7 24. Rad1 Nf3+ 25. Kg2 Rh8 26. Rh1 Ng5 27. Rc1
Rxh1 28. Ncxe6+ Nxe6 29. Nxe6+ fxe6 30. Rc7+ Kg6 31. Kxh1 Rh8+ 32. Kg1 Rh7 33.
Rc2 Kg5 34. Kg2 f4 35. Rc3 fxg3 36. Rxg3 Kf4 37. Re3 Rc7 38. Re2 d4 39. Kf1
Rc1+ 40. Kg2 d3 41. Rd2 Ke4 42. a3 Rc2 0-1

[Event "Kalamazoo Mini-Swiss.2"]
[Site "Kalamazoo, MI"]
[Date "1998.??.??"]
[Round "?"]
[White "Moore, Robert"]
[Black "Neely, Richard"]
[Result "1-0"]
[WhiteElo "1605"]
[BlackElo "1605"]
[PlyCount "91"]
[EventDate "1998.??.??"]

1. e4 c5 2. Nf3 Nc6 3. d4 cxd4 4. Nxd4 e5 5. Nb3 Nf6 6. Nc3 g6 7. Be3 d6 8. Qd2
a6 9. O-O-O Be6 10. h3 Qc7 11. Bg5 Be7 12. Bxf6 Bxf6 13. Qxd6 Rc8 14. Qxc7 Rxc7
15. Nd5 Bxd5 16. exd5 Nd4 17. c3 O-O 18. Kb1 Nxb3 19. axb3 Rd8 20. g4 b5 21. h4
h6 22. h5 g5 23. c4 bxc4 24. bxc4 Rb7 25. Rd2 Rdb8 26. d6 e4 27. d7 Bxb2 28.
d8=Q+ Rxd8 29. Rxd8+ Kg7 30. Kc2 Bf6 31. Rd2 a5 32. Bg2 Rb4 33. Bxe4 Rxc4+ 34.
Kd3 Rc3+ 35. Ke2 a4 36. Ra2 a3 37. Rd1 Rh3 38. Rd3 Rh4 39. Kf3 Bb2 40. Bf5 Rh1
41. Kg2 Rc1 42. Raxa3 Bxa3 43. Rxa3 Rc7 44. Rd3 Re7 45. Rd7 Re5 46. Bg6 1-0

[Event "U.S. Amateur North"]
[Site "Detroit, MI"]
[Date "1998.??.??"]
[Round "?"]
[White "Moore, Robert"]
[Black "Needham, P."]
[Result "0-1"]
[WhiteElo "1605"]
[BlackElo "1605"]
[PlyCount "52"]
[EventDate "1998.05.??"]

{5/24} 1. e4 e5 2. Nf3 d6 3. h3 Nf6 4. d4 Nbd7 5. dxe5 dxe5 6. Nc3 Bc5 7. Bc4
O-O 8. Bg5 c6 9. O-O b5 10. Bb3 a5 11. a3 Qc7 12. Qe2 Ba6 13. Nd1 Rfe8 14. c3
h6 15. Bxf6 Nxf6 16. c4 Nh5 17. g3 Nxg3 18. Qc2 Nxf1 19. Kxf1 b4 20. a4 Qd7 21.
Ng1 Rad8 22. Ke2 Re6 23. Nf3 Rf6 24. Qd2 Qc8 25. Qe1 Qxh3 26. Ng1 Qxb3 0-1

[Event "Kalamazoo Mini-Swiss.1"]
[Site "Kalamazoo, MI"]
[Date "1998.??.??"]
[Round "?"]
[White "Moore, Robert"]
[Black "Ingles, Darrell"]
[Result "0-1"]
[WhiteElo "1605"]
[BlackElo "1605"]
[PlyCount "94"]
[EventDate "1998.??.??"]

1. e4 d6 2. d4 b6 3. Nf3 Bb7 4. Nc3 a6 5. Bc4 Nf6 6. Ng5 e6 7. O-O Be7 8. e5
Nfd7 9. Bxe6 Bxg5 10. Bxd7+ Nxd7 11. exd6 O-O 12. dxc7 Qf6 13. Qg4 Bxc1 14.
Raxc1 Qd6 15. Qg3 Qxg3 16. fxg3 Rac8 17. Ne2 Rxc7 18. c4 Nf6 19. d5 Re7 20. Rc2
Rfe8 21. Nd4 Ng4 22. Nf5 Re1 23. d6 Rxf1+ 24. Kxf1 g6 25. Ne7+ Kg7 26. Re2 Rd8
27. Rd2 Ne3+ 28. Kf2 Nxc4 29. Rc2 Nxd6 30. Rc7 Be4 31. b3 Nf5 32. Nxf5+ Bxf5
33. Re7 Rd2+ 34. Re2 Rxe2+ 35. Kxe2 Be4 36. Kf2 Bd5 37. g4 Kf6 38. h4 a5 39. g3
b5 40. Ke3 Ke5 41. g5 a4 42. bxa4 bxa4 43. a3 Kf5 44. Ke2 Kg4 45. Kf2 Bc6 46.
Ke3 Kxg3 47. Kd4 Kxh4 0-1